000
00297nam a2200121Ia 4500
008
190216s9999||||xx |||||||||||||| ||und||
100
_a
Kaikulangra Rama Varier
245
0
_a
Amarakosa
260
_b
The Mangalodayam (pvt) Ltd
_c
1978
300
_a
106p
650
_a
Malayalam Kavitha
942
_c
BK
999
_c
25038
_d
25038